One hour to kill / (Record no. 9217)
[ view plain ]
| 000 -LEADER | |
|---|---|
| fixed length control field | 00892cam a22002651i 4500 |
| 001 - CONTROL NUMBER | |
| control field | 7977722 |
| 005 - DATE AND TIME OF LATEST TRANSACTION | |
| control field | 20160201154711.0 |
| 008 - FIXED-LENGTH DATA ELEMENTS--GENERAL INFORMATION | |
| fixed length control field | 810107s1963 nyu 000 1 eng |
| 010 ## - LIBRARY OF CONGRESS CONTROL NUMBER | |
| LC control number | 63017971 |
| 035 ## - SYSTEM CONTROL NUMBER | |
| System control number | (OCoLC)7050692 |
| 040 ## - CATALOGING SOURCE | |
| Original cataloging agency | DLC |
| Transcribing agency | TxU |
| Modifying agency | FO |
| -- | DLC |
| 050 00 - LIBRARY OF CONGRESS CALL NUMBER | |
| Classification number | PZ3.C83942 |
| Item number | Ol |
| Classification number | PS3505.O9636 |
| 100 1# - MAIN ENTRY--PERSONAL NAME | |
| Personal name | Coxe, George Harmon, |
| Dates associated with a name | 1901-1984. |
| 245 10 - TITLE STATEMENT | |
| Title | One hour to kill / |
| Statement of responsibility, etc. | George Harmon Coxe. |
| 250 ## - EDITION STATEMENT | |
| Edition statement | Book club ed. |
| 260 ## - PUBLICATION, DISTRIBUTION, ETC. (IMPRINT) | |
| Place of publication, distribution, etc. | New York : |
| Name of publisher, distributor, etc. | Knopf, |
| Date of publication, distribution, etc. | 1963. |
| 300 ## - PHYSICAL DESCRIPTION | |
| Extent | 182 p. ; |
| Dimensions | 22 cm. |
| 500 ## - GENERAL NOTE | |
| General note | "Based in part on the novelette The Fatal Hour, which appeared in The American magazine." |
| 500 ## - GENERAL NOTE | |
| General note | Jacket design by Arthur Hawkins. |
| 500 ## - GENERAL NOTE | |
| General note | Linotype face (Caledonia) designed by W. A. Dwiggins. |
| 655 #7 - INDEX TERM--GENRE/FORM | |
| Genre/form data or focus term | Detective and mystery stories. |
| Source of term | gsafd |
| 906 ## - LOCAL DATA ELEMENT F, LDF (RLIN) | |
| a | 7 |
| b | cbc |
| c | oclcrpl |
| d | u |
| e | ncip |
| f | 19 |
| g | y-gencatlg |
| 942 ## - ADDED ENTRY ELEMENTS (KOHA) | |
| Source of classification or shelving scheme | |
| Koha item type | Short Loan Books |
| Withdrawn status | Lost status | Source of classification or shelving scheme | Damaged status | Not for loan | Home library | Current library | Date acquired | Source of acquisition | Total Checkouts | Full call number | Barcode | Date last seen | Price effective from | Koha item type |
|---|---|---|---|---|---|---|---|---|---|---|---|---|---|---|
| MACHAKOS UNIVERSITY LIBRARY | MACHAKOS UNIVERSITY LIBRARY | 19/10/2015 | Donation (B.F.A) | PS 3505.O99636C69 1963 | 16175 | 25/09/2017 | 19/10/2015 | Short Loan Books |